<?xml version="1.0" encoding="UTF-8"?>
<record
    xmlns:xsi="http://www.w3.org/2001/XMLSchema-instance"
    xsi:schemaLocation="http://www.loc.gov/MARC21/slim http://www.loc.gov/standards/marcxml/schema/MARC21slim.xsd"
    xmlns="http://www.loc.gov/MARC21/slim">

  <leader>01889    a2200301   4500</leader>
  <controlfield tag="001">59350</controlfield>
  <controlfield tag="005">20260407155847.0</controlfield>
  <controlfield tag="008">260407a1973    arg                 spa d</controlfield>
  <controlfield tag="003">AR-UNSa-BCEJYS</controlfield>
  <datafield tag="040" ind1=" " ind2=" ">
    <subfield code="a">AR-UNSa-BCEJYS</subfield>
    <subfield code="b">spa</subfield>
    <subfield code="c">AR-UNSa-BCEJYS</subfield>
  </datafield>
  <datafield tag="080" ind1=" " ind2=" ">
    <subfield code="a">330.34(7/8)</subfield>
    <subfield code="x">Desarrollo Econ&#xF3;mico de Am&#xE9;rica Latina</subfield>
  </datafield>
  <datafield tag="245" ind1="1" ind2="0">
    <subfield code="a">La integraci&#xF3;n lationamericana en una etapa de decisiones</subfield>
  </datafield>
  <datafield tag="264" ind1=" " ind2="1">
    <subfield code="a">Buenos Aires :</subfield>
    <subfield code="b">BID/INTAL (Banco Interamericano de Desarrollo. Instituto para la integraci&#xF3;n de Am&#xE9;rica Latina)</subfield>
    <subfield code="c">1973</subfield>
  </datafield>
  <datafield tag="300" ind1=" " ind2=" ">
    <subfield code="a">193 p.</subfield>
    <subfield code="c">22 cm.</subfield>
  </datafield>
  <datafield tag="505" ind1=" " ind2=" ">
    <subfield code="a">1. Causas y efectos de los procesos de integraci&#xF3;n econ&#xF3;mica en el mundo actual, por Sir Eric Wyndham-White - 2. El Segundo Decenio para el desarrollo y la integraci&#xF3;n econ&#xF3;mica regional, por Bela Balassa - 3. La integraci&#xF3;n econ&#xF3;mica en Am&#xE9;rica Latina, por Ra&#xFA;l Prebisch - 4. La integraci&#xF3;n econ&#xF3;mica latinoamericana en la planificaci&#xF3;n nacional del desarrollo, por Enrique Iglesias - 5. Los aspectos pol&#xED;ticos y sociales de la integraci&#xF3;n de Am&#xE9;rica Latina, por Carlos Lleras Restrepo - 6. La ALALC: La experiencia de una evoluci&#xF3;n de once a&#xF1;os, por Gustavo Magari&#xF1;os - 7. Visi&#xF3;n cr&#xED;tica de la ALALC, por Alberto Sol&#xE1; - 8. El grupo Andino y el poder de la acci&#xF3;n solidaria, por Germ&#xE1;nico Salgado Pe&#xF1;aherrera - 9. La comunidad econ&#xF3;mica Europea y la integraci&#xF3;n, por Jean Rey - 10. Experiencia de los pa&#xED;ses de menor dimensi&#xF3;n econ&#xF3;mica en el proceso integracionista europeo, por Ram&#xF3;n Tamames </subfield>
  </datafield>
  <datafield tag="942" ind1=" " ind2=" ">
    <subfield code="c">BK</subfield>
  </datafield>
  <datafield tag="590" ind1=" " ind2=" ">
    <subfield code="a">niveau_biblio:m niveau_hierar:0</subfield>
  </datafield>
  <datafield tag="100" ind1="1" ind2=" ">
    <subfield code="a">Wyndham- White, Eric</subfield>
  </datafield>
  <datafield tag="700" ind1="1" ind2=" ">
    <subfield code="a">Balassa, Bela</subfield>
  </datafield>
  <datafield tag="700" ind1="1" ind2=" ">
    <subfield code="a">Prebisch, Ra&#xFA;l</subfield>
  </datafield>
  <datafield tag="700" ind1="1" ind2=" ">
    <subfield code="a">Iglesias, Enrique</subfield>
  </datafield>
  <datafield tag="700" ind1="1" ind2=" ">
    <subfield code="a">Lleras Restrepo, Carlos</subfield>
  </datafield>
  <datafield tag="700" ind1="1" ind2=" ">
    <subfield code="a">Magari&#xF1;os, Gustavo</subfield>
  </datafield>
  <datafield tag="700" ind1="1" ind2=" ">
    <subfield code="a">Sol&#xE1;, Alberto</subfield>
  </datafield>
  <datafield tag="700" ind1="1" ind2=" ">
    <subfield code="a">Salgado P., Germ&#xE1;nico</subfield>
  </datafield>
  <datafield tag="700" ind1="1" ind2=" ">
    <subfield code="a">Rey, Jean</subfield>
  </datafield>
  <datafield tag="700" ind1="1" ind2=" ">
    <subfield code="a">Tamames, Ram&#xF3;n</subfield>
  </datafield>
  <datafield tag="999" ind1=" " ind2=" ">
    <subfield code="c">6656</subfield>
    <subfield code="d">6656</subfield>
  </datafield>
  <datafield tag="952" ind1=" " ind2=" ">
    <subfield code="0">0</subfield>
    <subfield code="1">0</subfield>
    <subfield code="4">0</subfield>
    <subfield code="7">0</subfield>
    <subfield code="a">BCEJYS</subfield>
    <subfield code="b">BCEJYS</subfield>
    <subfield code="c">16</subfield>
    <subfield code="d">2026-04-07</subfield>
    <subfield code="l">0</subfield>
    <subfield code="o">330.34(7/8) W985</subfield>
    <subfield code="p">L44072</subfield>
    <subfield code="r">2026-04-07 15:58:47</subfield>
    <subfield code="w">2026-04-07</subfield>
    <subfield code="y">L</subfield>
  </datafield>
  <datafield tag="952" ind1=" " ind2=" ">
    <subfield code="0">0</subfield>
    <subfield code="1">0</subfield>
    <subfield code="4">0</subfield>
    <subfield code="7">0</subfield>
    <subfield code="a">BCEJYS</subfield>
    <subfield code="b">BCEJYS</subfield>
    <subfield code="c">16</subfield>
    <subfield code="d">2026-04-07</subfield>
    <subfield code="l">0</subfield>
    <subfield code="o">330.34(7/8) W985</subfield>
    <subfield code="p">L13828</subfield>
    <subfield code="r">2026-04-07 15:58:47</subfield>
    <subfield code="w">2026-04-07</subfield>
    <subfield code="y">L</subfield>
  </datafield>
</record>
